| 000 | 01717cad a22002535a 4500 | ||
|---|---|---|---|
| 001 | L9781841420127 | ||
| 008 | 000000s2001 xxk f 001 0 eng d | ||
| 020 | _a1841420123 | ||
| 035 | _a(Sirsi) u111924 | ||
| 041 | 0 | _aeng | |
| 050 | 0 | 4 | _a711.1 $2 18 |
| 245 | 0 | 0 | _aMethods of environmental impact assessment |
| 250 | _a2nd ed. | ||
| 260 |
_aLondon _bSpon Press _c2001 |
||
| 300 | _axiv, 492p. ; 24cm. | ||
| 350 | _a20 | ||
| 520 | _aProvides a practical up-to-date explanation of and guide to how environmental impact assessments (EIAs) are carried out for specific environment components (e.g. air, water, ecological systems, socio-economic systems). For each component it includes: a discussion of relevant regulations and standards; how baseline surveys are conducted; how impact predictions are made; what mitigation measures can be used; how the effectiveness of such measures should be monitored; and the limitations of the methods. This revised edition has a new second part, consisting of chapters on cross-cutting methods that can be applied to many of the environmental components discussed in the first part. Aimed at people who organise, review, and make decisions about EIA; environmental planners and managers; students taking first degrees in planning, ecology, geography, environmental studies and related subjects with an EIA content; and postgraduate students taking courses in EIA or environmental management. | ||
| 521 | 2 | 0 | _aAdvanced |
| 651 | 4 | _aInternational | |
| 690 | _aENVIRONMENTAL AND LAND CONSULTANCY-ENVIRONMENTAL MANAGEMENT-ENVIRONMENTAL ASSESSMENT-ENVIRONMENTAL IMPACT ASSESSMENT | ||
| 700 | 1 |
_aMorris, Peter _eEditor |
|
| 700 | 1 |
_aTherivel, Riki _eEditor |
|
| 942 | _n0 | ||
| 999 |
_c101307 _d101307 |
||